Theorie und empirische Bestimmung zinsgewichteter Geldmengenaggregate

Saved in:
Bibliographic Details
Main Author: Krämer, Jörg Wilhelm
Format: Book
Language:German
Published: Kiel Institut für Weltwirtschaft 1994
Edition:1. Aufl.
Series:Kieler Arbeitspapier Nr. 620
Subjects:
Tags: Add Tag
No Tags, Be the first to tag this record!

MARC

LEADER 00000nam a2200000 4500
001 c005392
005 20221214074953.4
041 0 |a ger 
044 |a DE 
245 1 0 |a Theorie und empirische Bestimmung zinsgewichteter Geldmengenaggregate  |c Jörg Wilhelm Krämer 
250 |a 1. Aufl. 
264 1 |a Kiel  |b Institut für Weltwirtschaft  |c 1994 
300 |a 50 s. 
490 1 |a Kieler Arbeitspapier  |v Nr. 620 
830 0 |a Kieler Arbeitspapier  |v Nr. 620 
610 2 0 |a teórie ekonomické 
610 2 0 |a peniaze 
610 2 0 |a úrok 
610 2 0 |a funkcia Cobb-Douglasova 
610 2 0 |a indexy 
610 2 0 |a princíp ekonomický 
610 2 0 |a báza dát 
610 2 0 |a modely 
610 2 0 |a grafy 
100 1 |a Krämer, Jörg Wilhelm